000 00965 a2200229 4500
001 39893
005 20260407155655.0
008 260407a1973 arg spa d
003 AR-UNSa-BCEJYS
040 _aAR-UNSa-BCEJYS
_bspa
_cAR-UNSa-BCEJYS
080 _a911.3
_xGeografía humana. Geografía de los factores culturales
245 1 0 _aGeografía de la población
250 _a4a. ed
264 1 _aBuenos Aires :
_bEUDEBA (Editorial Universitaria de Buenos Aires)
_c1973
300 _a124 p.
_c19 cm.
505 _aParte I: Distribución de la población : 1. Diversidad y desigual ocupación de la ecumene - 2. Población y desarrollo desigual - 3. Las formas de implementación de la población - Parte II: Perspectivas : 1. El crecimiento natural - 2. Las migraciones de población - Conclusión
942 _cBK
590 _aniveau_biblio:m niveau_hierar:0
100 1 _aGeorge, Pierre
700 1 _aLaguado, Arturo
700 1 _aDi Benedetto, Antonio
999 _c3127
_d3127